000 00536nam a2200205Ia 4500
003 LK-CoDNM
005 20240924102804.0
008 010623t1935 xxu||||| |||| 00| 1 eng d
040 _aLK-CoDNM
_dLK-CoDNM
_eLK-CoDNM
041 _aeng
080 _a15
_bC23
100 _aDias,Reginald.F.
245 _aA Commentary on the Ceylon Criminal Procedure Code-Volume 1
260 _bApothecaries Co, Ltd.
_aColombo
_c1935
300 _bxlix, xxii, 664p. ; 25 cm
650 _aCourt
650 _aLaw
650 _aPolice
942 _cBK
999 _c97584
_d97584